00503nam a22001577a 450000500170000001000170001702000260003403500170006003700170007708200060009424500460010026000470014627001060019330000280029970000180032720131227114121.0 aB-495177-182 a9789381841143c100.00 aB-495177-182 adplbBBB/Ven aS aShades of love /cedited by Ankit Mittal aNew DehlibGrapevine India Publisherc2013 aPlot No. 4, First Floor, Pandav Nagar, Opposite Shadipur Metro Station Patel NagarbNew Dehlie110008 aviii 231p. :c18cm(pbk) aMittal, Ankit